000 01016cab a2200325 4500
001 ABS47870
008 090401t1993 xxu||||| |||| 00| 0 eng d
035 _a(Sirsi) u63786
041 _aeng
100 _aAbbey, R.
245 _aAdapting to change
260 _c1993
350 _a0
490 _aLaw Society`s Gazette
_v90(2) 13 January 1993, 20-23 (2)
520 _aSuggests alternative approaches to leases to protect tenants against the original tenant`s liability, inflexible rent review structures and alienation clauses.
650 _aALIENATION
650 _aASSIGNMENT
650 _aCENTROVINCIAL ESTATE PLC V BULK STORAGE LTD
650 _aCONTINUING LIABILITY
650 _aLAW OF PROPERTY ACT 1925 S151(1)
650 _aLEASE STRUCTURE
650 _aLEASES
650 _aORIGINAL TENANT LIABILITY
650 _aPRIVITY OF CONTRACT
650 _aRECESSION
650 _aRENT REVIEWS
690 _aLANDLORD AND TENANT-BUSINESS TENANCIES
942 _n0
948 _c04/03/1997
999 _c39679
_d39679